000
00282nam a2200097Ia 4500
008
240331s9999 xx 000 0 und d
082
_b
TRA
100
_a
Heyzer,N. ed
245
4
_a
The trade in domestic workers causes, mechanisms and consequences of International migration
942
_c
L
999
_c
2699
_d
2699